| 000 | 00631nam a2200205 a 4500 | ||
|---|---|---|---|
| 001 | 000044244 | ||
| 005 | 20240412074303.0 | ||
| 020 | a | _a9789945460063 | |
| 040 |
_aDO-SdBNP _bspa _cBNPHU |
||
| 082 |
_aRD863.44 _bG182p |
||
| 100 | 1 |
_aGalván, Héctor, _d1960- _91907 |
|
| 245 | 1 | 0 |
_aPartida sin retorno / _cHéctor Galván. |
| 260 |
_aSanto Domingo : _bSantuario, _c2009. |
||
| 300 |
_a154 p. ; _c21 cm. |
||
| 500 | _aIncluye datos biográficos del autor en las solapas | ||
| 590 | _aInventariado, 2020/BT | ||
| 650 | 0 |
_aCuentos dominicanos _9176 |
|
| 650 | 0 |
_aLiteratura dominicana. _967 |
|
| 910 | _aValidado. Control de calidad MFF | ||
| 999 |
_c43733 _d43733 |
||